=LDR 00000nam 2200000 4500 =001 INLIS000000000031865 =005 20130612133917 =008 ***********************************ind** =035 ##$$0010-061300000031865 =041 ##$$a ind =082 ##$$a 346.04 =090 ##$$a 346.04, Har h =100 ##$$a HARSONO, Budi, Prof =245 ##$$a Hukum agraria Indonesia, Sejarah pembentukan Undang-undang Pokok Agraria, isi dan pelaksanaannya, Prof Budi Harsono =260 ##$$a 2005 $b Jakarta =300 ##$$a 2 jld, 21 cm =650 ##$$a HUKUM AGRARIA =850 ##$$a NBPNMAT =990 ##$$a 21195814/BPAP-NTB/2014 =990 ##$$a 0001/BPAP-NTB/2016